Hacia una ciencia del deporte

Bewaard in:
Bibliografische gegevens
Hoofdauteur: Koch, Karl (Auteur)
Formaat: Boek
Taal:Spaans
Gepubliceerd in: Buenos Aires Kapelusz 1981
Reeks:Colección de Educación Física
Onderwerpen:
Tags: Voeg label toe
Geen labels, Wees de eerste die dit record labelt!

MARC

LEADER 00000nam a2200000 a 4500
001 UCW3340
003 CL-VaPUC
008 880726e19810000AG |||||||||||||||||spa|d
082 0 4 |a 796  |b KOC  |2 21 
100 |a Koch, Karl  |e author  |9 549734 
245 1 0 |a Hacia una ciencia del deporte 
300 |a 361 p 
942 |c BK 
945 |d 19880726 00:00:00 
260 |a Buenos Aires  |b Kapelusz  |c 1981 
650 0 |a Educación física  |9 240893 
650 0 |a Biomecánica  |9 307420 
583 |a last modification  |c 19880726 00:00:00  |k Rodrigo Vera 
490 0 |a Colección de Educación Física 
999 |c 217411  |d 217409 
952 |0 0  |1 0  |4 0  |6 796_000000000000000_KOC_1981  |7 0  |8 P  |9 204906  |a BIBEDU  |b BIBEDU  |c BIBEDU_PB  |d 2019-11-15  |i 2727064  |o 796 KOC 1981  |p 2727064  |r 2024-01-25  |w 2019-11-15  |y BK  |k EDU 
952 |0 0  |1 0  |4 0  |6 796_000000000000000_KOC_1981  |7 0  |8 P  |9 204907  |a BIBEDU  |b BIBEDU  |c BIBEDU_PB  |d 2019-11-15  |i 2727072  |o 796 KOC 1981  |p 2727072  |r 2024-01-25  |w 2019-11-15  |y BK  |k EDU